Zvýšenie sankcií za porušenia zákona o ERP od 1. 1. 2025

Legislatívna úprava sankcií za porušenie zákona o ERP (elektronická registračná pokladnica, eKasa) – aktuálny stav. Správne delikty a sankcie za porušenie zákona o ERP. Prechodné ustanovenie k úpravám účinným od 1. 1. 2025.

Enregistré dans:
Détails bibliographiques
Auteur principal: Jurčíková, Božena
Format: Chapitre de livre
Langue:slovaque
Sujets:
Tags: Ajouter un tag
Pas de tags, Soyez le premier à ajouter un tag!

MARC

LEADER 00000naa a2200000 4500
001 0308216
005 20250709170005.7
041 0 |a slo 
044 |a SK 
245 1 0 |a Zvýšenie sankcií za porušenia zákona o ERP od 1. 1. 2025  |c Božena Jurčíková 
520 |a Legislatívna úprava sankcií za porušenie zákona o ERP (elektronická registračná pokladnica, eKasa) – aktuálny stav. Správne delikty a sankcie za porušenie zákona o ERP. Prechodné ustanovenie k úpravám účinným od 1. 1. 2025. 
610 2 0 |a správa daňová 
610 2 0 |a pokladnice registračné elektronické 
610 2 0 |a delikty správne 
610 2 0 |a sankcie 
610 2 0 |a pokuty 
610 2 0 |a úrady daňové 
610 2 0 |a úrady colné 
610 2 0 |a zákony 
610 2 0 |a novelizácia 
100 1 |a Jurčíková, Božena